| 000 | 00954cab a2200325 4500 | ||
|---|---|---|---|
| 001 | ABS47542 | ||
| 008 | 090401t1992 xxu||||| |||| 00| 0 eng d | ||
| 035 | _a(Sirsi) u62442 | ||
| 041 | _aeng | ||
| 100 | _aSheard, E.M. | ||
| 245 | _aValuing contaminated land - asset or liability | ||
| 260 | _c1992 | ||
| 350 | _a0 | ||
| 490 |
_aCS Monthly : Minerals bulletin _v2(3) November 1992, 5-7(3) |
||
| 520 | _aConsiders factors which need to be taken into consideration when carrying out a valuation of contaminated land include negative value. | ||
| 650 | _aASSET VALUATION | ||
| 650 | _aCLEAN-UP COSTS | ||
| 650 | _aCONTAMINATED LAND | ||
| 650 | _aMENTOR | ||
| 650 | _aMINERAL WORKS | ||
| 650 | _aREDEVELOPMENT SITES | ||
| 650 | _aRESIDUAL VALUATION | ||
| 650 | _aRESIDUAL VALUE | ||
| 650 | _aTREATED SITES | ||
| 650 |
_aValuation _96273 |
||
| 690 | _aLAND | ||
| 690 | _aRATING AND VALUATION | ||
| 942 | _n0 | ||
| 948 | _c04/03/1997 | ||
| 999 |
_c38801 _d38801 |
||